000 00693cam a22002531 4500
999 _c7569
_d7569
001 7569
003 BD-JhCC
005 20181006181115.0
008 720829s1965 nyu b 000 0 eng
035 _a(BD-JhCC)7569
035 _a(OCoLC)394217
040 _aDLC
_cOClW
_dOCoLC
_dDLC
_dBD-JhCC
041 _aeng
050 0 0 _aUA10
_b.G82
082 _a355
_bGUT 1965
100 1 _aGutteridge, William,
_d1919-2008.
245 1 0 _aMilitary institutions and power in the new states /
_c[by] William Gutteridge.
260 _aNew York,
_bPraeger
_c[1965]
300 _aviii, 182 p.
_c23 cm.
504 _aBibliography: p. 178.
650 0 _aArmed Forces.
942 _2ddc
_cBK